[Event "V Open I Like Elo"]
[Site "Roma ITA"]
[Date "2009.09.23"]
[Round "2"]
[White "Maggi, Luigi"]
[Black "Tirri, Valerio"]
[Result "1-0"]
[WhiteElo "1889"]
[BlackElo "1694"]
[PlyCount "65"]
[EventDate "2009.09.16"]

1. c4 Nf6 2. Nc3 e6 3. e4 d5 4. e5 Nfd7 5. d4 Bb4 6. Qg4 Kf8 7. a3 Bxc3+ 8.
bxc3 c5 9. Bd3 Nc6 10. Ne2 dxc4 11. Bxc4 Qb6 12. Qf4 Na5 13. Ba2 c4 14. O-O Qc6
15. Ng3 b5 16. Bb1 Nb6 17. Be4 Nd5 18. Qf3 Bb7 19. Ne2 Nb3 20. Rb1 Nxc1 21.
Rfxc1 a6 22. Nf4 Qd7 23. Nxd5 Bxd5 24. Bxd5 exd5 25. a4 Rb8 26. axb5 axb5 27.
Rb4 Rb6 28. Rcb1 Ke7 29. Qg3 Rg8 30. Qh4+ Kf8 31. Ra1 Qc6 32. Qd8+ Qe8 33. Qxb6
1-0

[Event "V Open I Like Elo"]
[Site "Roma ITA"]
[Date "2009.09.23"]
[Round "2"]
[White "Mammana, Angelo"]
[Black "Capitani, Roberto"]
[Result "1-0"]
[WhiteElo "1440"]
[BlackElo "1572"]
[PlyCount "99"]
[EventDate "2009.09.16"]

1. Nf3 Nf6 2. d3 d5 3. Nbd2 e5 4. Nxe5 Bd6 5. Nef3 Bg4 6. c3 O-O 7. h3 Bf5 8.
g4 Bg6 9. Nh4 Na6 10. Nxg6 fxg6 11. Bg2 Nc5 12. Qc2 Qe7 13. Nf3 Ne6 14. Bd2 Nf4
15. Bf1 Rae8 16. e3 c5 17. O-O-O Ne6 18. Bg2 b5 19. Kb1 Rb8 20. Rhe1 Rfc8 21.
e4 dxe4 22. dxe4 c4 23. e5 Bc5 24. exf6 Qxf6 25. Rxe6 Qxe6 26. Ng5 Qe5 27. Re1
Qf6 28. Bd5+ Kf8 29. Ne6+ Ke7 30. Nxc5+ Kd6 31. Re6+ Qxe6 32. Bxe6 Rxc5 33.
Bf4+ Kxe6 34. Bxb8 Rd5 35. Qe4+ Kd7 36. Qxd5+ Kc8 37. Qd6 Kb7 38. Qd8 Kc6 39.
Be5 b4 40. cxb4 h5 41. g5 h4 42. Qd6+ Kb7 43. Qxg6 c3 44. bxc3 a5 45. bxa5 Kc8
46. Qc6+ Kd8 47. Qc7+ Ke8 48. a6 Kf8 49. a7 Kg8 50. Qxg7# 1-0

[Event "V Open I Like Elo"]
[Site "Roma ITA"]
[Date "2009.09.23"]
[Round "2"]
[White "Marini, Riccardo"]
[Black "Palama', Pierpaolo"]
[Result "1-0"]
[WhiteElo "1727"]
[BlackElo "1509"]
[PlyCount "35"]
[EventDate "2009.09.16"]

1. d4 d5 2. Nf3 e6 3. e3 Nf6 4. Bd3 c5 5. b3 Nc6 6. O-O Bd7 7. Bb2 cxd4 8. exd4
Bd6 9. Nbd2 Qc7 10. a3 h6 11. Qe2 g5 12. c4 Ng4 13. h3 Nf6 14. Ne5 h5 15. Rac1
g4 16. h4 Qb6 17. c5 Nxd4 18. Bxd4 1-0

[Event "V Open I Like Elo"]
[Site "Roma ITA"]
[Date "2009.09.23"]
[Round "2"]
[White "Migliozzi, Giuseppe"]
[Black "Di Mauro, Giuseppe"]
[Result "0-1"]
[WhiteElo "1762"]
[BlackElo "1953"]
[PlyCount "60"]
[EventDate "2009.09.16"]

1. Nf3 Nf6 2. b3 d5 3. Bb2 e6 4. e3 c5 5. Be2 Nc6 6. O-O Bd6 7. d4 cxd4 8. exd4
Qc7 9. h3 O-O 10. c4 Ne4 11. Nc3 a6 12. Nxe4 dxe4 13. Nd2 f5 14. c5 Bf4 15. Nc4
Ne7 16. Nb6 Rb8 17. Bc4 Rd8 18. Nxc8 Qxc8 19. Qh5 Nd5 20. g3 Bh6 21. Bc1 Bxc1
22. Raxc1 Rf8 23. Bxd5 exd5 24. b4 Rf6 25. Qe2 f4 26. Qh5 Qe6 27. Qe5 Qxh3 28.
Qxb8+ Rf8 29. Qxb7 f3 30. Qxd5+ Kh8 0-1

[Event "V Open I Like Elo"]
[Site "Roma ITA"]
[Date "2009.09.23"]
[Round "2"]
[White "Pipitone, Filippo Massimo"]
[Black "Mazza, Maurizio"]
[Result "1-0"]
[WhiteElo "1465"]
[BlackElo "1677"]
[PlyCount "36"]
[EventDate "2009.09.16"]

1. e4 e5 2. Nf3 Nc6 3. Bb5 d6 4. d4 exd4 5. Nxd4 Bd7 6. Nc3 Be7 7. O-O Nf6 8.
Re1 O-O 9. h3 a6 10. Bf1 Nxd4 11. Qxd4 Be6 12. Bf4 Re8 13. Re3 Qd7 14. Rae1
Rad8 15. Be2 b5 16. Rg3 b4 17. Bg4 Nxg4 18. Rxg4 Bf6 1-0

[Event "V Open I Like Elo"]
[Site "Roma ITA"]
[Date "2009.09.23"]
[Round "2"]
[White "Roberti, Bruno"]
[Black "Vanzan, Alessandro"]
[Result "1-0"]
[WhiteElo "1947"]
[BlackElo "1775"]
[PlyCount "159"]
[EventDate "2009.09.16"]

1. e4 c5 2. Nf3 d6 3. Bb5+ Bd7 4. Bxd7+ Qxd7 5. c4 Nc6 6. Nc3 Nf6 7. d4 cxd4 8.
Nxd4 g6 9. f3 Bg7 10. Be3 O-O 11. O-O Ne5 12. b3 a6 13. a4 Rab8 14. Rc1 Rfc8
15. Qd2 Nc6 16. Rfd1 Na5 17. Rb1 Qc7 18. Nde2 Bf8 19. Kh1 e6 20. Bf4 Rd8 21.
Bg5 Be7 22. Qf4 Nh5 23. Qh4 Bxg5 24. Qxg5 Rd7 25. g4 Ng7 26. f4 Qd8 27. e5 Qxg5
28. fxg5 Rbd8 29. exd6 Rxd6 30. Rxd6 Rxd6 31. Ne4 Rd3 32. Nc5 Rd2 33. Ng3 Kf8
34. Nge4 Rd4 35. Nf6 Ke7 36. Rf1 Kd6 37. Nfe4+ Ke7 38. Nf6 Kd6 39. Nfd7 Ke7 40.
Ne5 Kd6 41. Rxf7 Kxe5 42. Rxg7 Rxg4 43. Rxh7 Kf5 44. Rf7+ Kxg5 45. Nxe6+ Kh6
46. Rf3 Rh4 47. Rf8 g5 48. Rh8+ Kg6 49. Rxh4 gxh4 50. Nc5 Kf5 51. Kg2 Ke5 52.
Kh3 Kd4 53. Ne6+ Kc3 54. Nc5 Nxb3 55. Nxb7 Kxc4 56. Kxh4 Kb4 57. Kg4 Kxa4 58.
h4 Nd4 59. h5 Ne6 60. h6 Nf8 61. Kf5 Kb5 62. Kf6 Kc6 63. Kf7 Nh7 64. Kg7 Ng5
65. Kg6 Ne6 66. Nd8+ Nxd8 67. h7 Kb5 68. h8=Q Nc6 69. Qb2+ Nb4 70. Qe5+ Ka4 71.
Kf5 a5 72. Ke4 Nc2 73. Qe8+ Kb4 74. Qe7+ Kb3 75. Qe6+ Ka3 76. Kd3 Nb4+ 77. Kc4
Nc2 78. Kc3 Na1 79. Qb6 Ka4 80. Qb2 1-0

[Event "V Open I Like Elo"]
[Site "Roma ITA"]
[Date "2009.09.23"]
[Round "2"]
[White "Scagliarini, Bruno"]
[Black "Sermoneta, Eugenio"]
[Result "1/2-1/2"]
[WhiteElo "1914"]
[BlackElo "1748"]
[PlyCount "62"]
[EventDate "2009.09.16"]

1. c4 c5 2. Nc3 b6 3. e4 Nc6 4. Nf3 Bb7 5. d3 e5 6. Be2 g6 7. O-O Bg7 8. a3
Nge7 9. Rb1 O-O 10. b4 cxb4 11. axb4 Nd4 12. Nxd4 exd4 13. Nb5 d6 14. Bb2 Nc6
15. Qd2 f5 16. f3 a6 17. Na3 Qh4 18. Nc2 Bh6 19. Qe1 Qxe1 20. Rbxe1 Be3+ 21.
Nxe3 dxe3 22. b5 axb5 23. cxb5 Nb4 24. Bc3 Nc2 25. Rc1 Ra2 26. Bd1 e2 27. Bxe2
Ne3 28. Rfe1 fxe4 29. dxe4 d5 30. Bf1 Nxf1 31. Kxf1 dxe4 1/2-1/2

[Event "V Open I Like Elo"]
[Site "Roma ITA"]
[Date "2009.09.23"]
[Round "2"]
[White "Simeone, Giulio"]
[Black "Foschini, Andrea"]
[Result "0-1"]
[WhiteElo "1979"]
[BlackElo "1825"]
[PlyCount "59"]
[EventDate "2009.09.16"]

1. c4 e5 2. Nc3 Nf6 3. Nf3 Nc6 4. e3 Bb4 5. Nd5 e4 6. Nxb4 Nxb4 7. Nd4 c5 8.
Nb5 O-O 9. d4 exd3 10. Bxd3 d5 11. O-O Nxd3 12. Qxd3 dxc4 13. Qxc4 Qe7 14. Rd1
Be6 15. Qh4 Rfd8 16. Bd2 Bg4 17. f3 Bd7 18. Nc3 Bc6 19. e4 Rd3 20. Bg5 Rad8 21.
Nd5 Rxd1+ 22. Rxd1 Bxd5 23. exd5 Qe2 24. Rd2 Qe5 25. Bxf6 Qxf6 26. Qxf6 gxf6
27. g4 Kf8 28. Kf2 Ke7 29. Ke3 b5 30. Ke4 0-1

[Event "V Open I Like Elo"]
[Site "Roma ITA"]
[Date "2009.09.23"]
[Round "2"]
[White "Sternini, Cristiano"]
[Black "Castelfranchi, Carlo"]
[Result "0-1"]
[WhiteElo "1745"]
[BlackElo "2115"]
[PlyCount "98"]
[EventDate "2009.09.16"]

1. c4 Nf6 2. Nc3 d5 3. cxd5 Nxd5 4. g3 g6 5. Bg2 Nxc3 6. bxc3 Bg7 7. Nf3 O-O 8.
O-O Nd7 9. Qc2 e5 10. d4 exd4 11. cxd4 Re8 12. Rb1 Nb6 13. Qd1 Bf5 14. Rb3 c5
15. e3 c4 16. Rc3 Bd3 17. Rxd3 cxd3 18. Qxd3 Qd7 19. Nd2 Rac8 20. Ne4 Na4 21.
Qb3 b5 22. Ba3 Red8 23. Rb1 a6 24. Bb4 Qc7 25. Bh3 Rb8 26. Qa3 Qc2 27. Nd2 Bf8
28. Bxf8 Rxf8 29. Qc1 Qxa2 30. Ne4 Qc4 31. Nf6+ Kg7 32. Nd7 Qxc1+ 33. Rxc1 Rbc8
34. Nc5 Rc7 35. Kf1 Nxc5 36. dxc5 f5 37. Bg2 Rfc8 38. c6 Kf6 39. Ke2 Ke6 40. f4
Kd6 41. Kd3 Rxc6 42. Bxc6 Rxc6 43. Ra1 b4 44. Kd4 b3 45. g4 b2 46. Rb1 Rb6 47.
Kc4 a5 48. e4 fxe4 49. Kc3 a4 0-1

[Event "V Open I Like Elo"]
[Site "Roma ITA"]
[Date "2009.10.07"]
[Round "3"]
[White "Amato, Paolo"]
[Black "Di Tucci, Benedetto"]
[Result "0-1"]
[WhiteElo "1314"]
[BlackElo "1810"]
[PlyCount "76"]
[EventDate "2009.09.16"]

1. d4 f5 2. Nf3 Nf6 3. e3 e6 4. Bd3 d5 5. Nbd2 Bd6 6. O-O O-O 7. c3 b6 8. Re1
Nbd7 9. c4 Ne4 10. cxd5 exd5 11. a3 Ndf6 12. Ne5 Qe8 13. f4 Bb7 14. Ndf3 Rc8
15. b4 c5 16. Bb2 cxb4 17. axb4 Bxb4 18. Re2 a5 19. Qb3 Nc3 20. Bxc3 Rxc3 21.
Qd1 Qc8 22. Nh4 Ne4 23. Rb2 Qd8 24. Nhf3 Qd6 25. Bb5 Rxe3 26. Nd7 Rd8 27. Nde5
Bc3 28. Rb3 Bxa1 29. Rxe3 Bc3 30. Bd3 Qb4 31. Bxe4 dxe4 32. Rxc3 Qxc3 33. Ng5
Qxd4+ 34. Qxd4 Rxd4 35. h4 e3 36. Kf1 Rxf4+ 37. Ngf3 Bxf3 38. gxf3 Rxh4 0-1

[Event "V Open I Like Elo"]
[Site "Roma ITA"]
[Date "2009.10.07"]
[Round "3"]
[White "Capitani, Roberto"]
[Black "Bartoloni, Mario"]
[Result "1-0"]
[WhiteElo "1572"]
[BlackElo "1548"]
[PlyCount "95"]
[EventDate "2009.09.16"]

1. e4 g6 2. Nc3 Bg7 3. Nf3 d6 4. Bc4 h6 5. h3 Nc6 6. O-O Nf6 7. Re1 Nh5 8. d3
Ne5 9. Nxe5 Bxe5 10. Be3 c6 11. d4 Bg7 12. Qf3 O-O 13. g4 Nf6 14. Rad1 Nh7 15.
Qe2 e5 16. dxe5 Bxe5 17. Bxh6 Re8 18. Qf3 Be6 19. Bxe6 Rxe6 20. Bd2 Qh4 21. Qg2
Bd4 22. Bg5 Bxf2+ 23. Qxf2 Qxg5 24. Rd3 Rf6 25. Rf3 Rxf3 26. Qxf3 Qc5+ 27. Kg2
Qe5 28. Rf1 Rf8 29. Qe3 b6 30. a4 Kg7 31. a5 Qxa5 32. Qd4+ Qe5 33. Qa4 Ng5 34.
Qxc6 Rh8 35. Rh1 Qf4 36. Rf1 Qe3 37. Qxd6 Qxh3+ 38. Kf2 Qf3+ 39. Ke1 Qe3+ 40.
Ne2 Nf3+ 41. Kd1 Qxe4 42. g5 Re8 43. Qf6+ Kg8 44. Qxf3 Rd8+ 45. Kc1 Qe7 46. Qf6
Qe3+ 47. Kb1 Rd1+ 48. Rxd1 1-0

[Event "V Open I Like Elo"]
[Site "Roma ITA"]
[Date "2009.10.07"]
[Round "3"]
[White "Castelfranchi, Carlo"]
[Black "Marini, Riccardo"]
[Result "1/2-1/2"]
[WhiteElo "2115"]
[BlackElo "1727"]
[PlyCount "44"]
[EventDate "2009.09.16"]

1. e4 c5 2. Nf3 Nc6 3. d4 cxd4 4. Nxd4 g6 5. Nc3 Bg7 6. Be3 Nf6 7. Nxc6 bxc6 8.
e5 Ng8 9. Bd4 f6 10. f4 Qa5 11. b4 Qxb4 12. Rb1 Qa5 13. Bc4 fxe5 14. fxe5 Bxe5
15. O-O Nf6 16. Nb5 Bxd4+ 17. Qxd4 cxb5 18. Rxb5 Qd8 19. Rxf6 exf6 20. Qe4+ Qe7
21. Qxa8 Qe1+ 22. Bf1 22... O-O {...} 1/2-1/2

[Event "V Open I Like Elo"]
[Site "Roma ITA"]
[Date "2009.10.07"]
[Round "3"]
[White "D'Andrea, Carlo"]
[Black "Foschini, Andrea"]
[Result "1-0"]
[WhiteElo "1943"]
[BlackElo "1825"]
[PlyCount "33"]
[EventDate "2009.09.16"]

1. c4 e5 2. Nc3 Nf6 3. Nf3 Nc6 4. g3 d5 5. cxd5 Nxd5 6. Bg2 Nb6 7. O-O Be7 8.
Rb1 O-O 9. b4 f6 10. b5 Nd4 11. d3 Be6 12. Bb2 Qd7 13. a4 Bb3 14. Qc1 Bxa4 15.
Nxd4 exd4 16. Nxa4 Nxa4 17. Qc4+ 1-0

[Event "V Open I Like Elo"]
[Site "Roma ITA"]
[Date "2009.10.07"]
[Round "3"]
[White "De Maria, Isaia"]
[Black "Giuliani, Sante"]
[Result "0-1"]
[WhiteElo "1899"]
[BlackElo "1988"]
[PlyCount "102"]
[EventDate "2009.09.16"]

1. e4 d5 2. exd5 Qxd5 3. Nc3 Qa5 4. d4 Nf6 5. Nf3 c6 6. Bc4 Bf5 7. Bd2 e6 8.
Qe2 Bb4 9. O-O-O Nbd7 10. a3 Bxc3 11. Bxc3 Qc7 12. Rhe1 O-O-O 13. Ne5 Nxe5 14.
dxe5 Nd5 15. Bd2 Kb8 16. Kb1 Rd7 17. h4 h5 18. Bg5 Qa5 19. Bd3 Bxd3 20. Rxd3
Qb5 21. Qd2 c5 22. c4 Qxc4 23. Rc1 Qb5 24. Qc2 Rc8 25. Rb3 Qc6 26. Qc4 Nb6 27.
Qb5 Qxb5 28. Rxb5 Rd5 29. Be7 Nd7 30. Bd6+ Ka8 31. Kc2 Nxe5 32. Bxe5 Rxe5 33.
Rd1 Rd5 34. Re1 b6 35. Rb3 Rcd8 36. Re2 Kb7 37. Rbe3 Kc6 38. f3 b5 39. g4 hxg4
40. fxg4 Rd4 41. Rg3 Rc4+ 42. Kb3 a5 43. Rg1 a4+ 44. Ka2 Rdd4 45. Reg2 Rd3 46.
h5 Rh3 47. Rg3 Rxg3 48. Rxg3 e5 49. g5 Rh4 50. g6 f6 51. Rd3 Rxh5 0-1

[Event "V Open I Like Elo"]
[Site "Roma ITA"]
[Date "2009.10.07"]
[Round "3"]
[White "Di Dario, Dario"]
[Black "Scagliarini, Bruno"]
[Result "1/2-1/2"]
[WhiteElo "1713"]
[BlackElo "1914"]
[PlyCount "65"]
[EventDate "2009.09.16"]

1. d4 e6 2. Nf3 Nf6 3. e3 c5 4. Bd3 Nc6 5. c3 d5 6. O-O Bd6 7. Nbd2 O-O 8. Qe2
e5 9. e4 cxd4 10. exd5 Nxd5 11. Ne4 h6 12. Nxd6 Qxd6 13. cxd4 exd4 14. Qe4 Nf6
15. Qh4 Bd7 16. Bxh6 gxh6 17. Qxh6 Ne4 18. Qh4 f5 19. Ng5 Nxg5 20. Qxg5+ Kh7
21. Rfe1 Qf6 22. Qh5+ Kg8 23. Rac1 Rae8 24. Qh3 Qg5 25. Rcd1 Be6 26. Bb5 Bd5
27. Qg3 Qxg3 28. fxg3 Re3 29. Rxe3 dxe3 30. Rxd5 Re8 31. Kf1 Re7 32. Bxc6 bxc6
33. Rd3 1/2-1/2

[Event "V Open I Like Elo"]
[Site "Roma ITA"]
[Date "2009.10.07"]
[Round "3"]
[White "Loffredi, Massimiliano"]
[Black "Colantonio, Marco"]
[Result "0-1"]
[WhiteElo "1374"]
[BlackElo "1679"]
[PlyCount "54"]
[EventDate "2009.09.16"]

1. e4 d6 2. Nf3 Nf6 3. Nc3 g6 4. Bc4 Bg7 5. d4 O-O 6. O-O c6 7. d5 b5 8. Bb3 b4
9. Ne2 c5 10. Ng3 a5 11. a3 Ba6 12. Re1 c4 13. Ba2 bxa3 14. bxa3 Nxe4 15. Rxe4
Bxa1 16. Ng5 Bf6 17. Nxh7 Kxh7 18. Qg4 Bc8 19. Qf4 Rh8 20. h4 Kg8 21. Bxc4 Nd7
22. Be2 Rxh4 23. Bg4 Ne5 24. f3 Qb6+ 25. Be3 Qb1+ 26. Kf2 Qxc2+ 27. Ne2 Nd3+
0-1

[Event "V Open I Like Elo"]
[Site "Roma ITA"]
[Date "2009.10.07"]
[Round "3"]
[White "Maggi, Fabrizio"]
[Black "Castillo, Juan"]
[Result "1/2-1/2"]
[WhiteElo "2104"]
[BlackElo "1724"]
[PlyCount "155"]
[EventDate "2009.09.16"]

1. c4 Nf6 2. Nc3 g6 3. e4 d6 4. d4 Bg7 5. Nge2 O-O 6. Ng3 e5 7. d5 a6 8. Be2
Nbd7 9. h4 h5 10. Bg5 Qe8 11. Qd2 Nh7 12. Bh6 Ndf6 13. f3 Bd7 14. Nf1 Qc8 15.
Rg1 b5 16. cxb5 axb5 17. Bxb5 Bxb5 18. Nxb5 Qb7 19. Bxg7 Kxg7 20. a4 Qb6 21.
Qe3 Qa5+ 22. Qc3 Rfb8 23. Qxa5 Rxa5 24. Ra3 Ne8 25. Ne3 Ra6 26. Kd2 c6 27. dxc6
Rxc6 28. Rc3 Rxc3 29. Kxc3 Nhf6 30. Rd1 Rb6 31. Nc4 Ra6 32. b3 Nd7 33. Ncxd6
Nef6 34. Kb4 Nb8 35. Nc4 Nfd7 36. Rd6 Nc6+ 37. Kc3 Ndb8 38. a5 Kf8 39. b4 Ke7
40. Nb6 Kf8 41. Kc4 Kg7 42. Kc5 Nxa5 43. bxa5 Rxa5 44. Nc4 Ra1 45. Nc7 Ra2 46.
g4 hxg4 47. fxg4 Rh2 48. Nxe5 Re2 49. Ne8+ Kf8 50. Nf6 Rc2+ 51. Kb6 Ke7 52. Rd5
Kxf6 53. Nf3 Ke7 54. h5 Nd7+ 55. Kb5 Rb2+ 56. Ka5 Nf6 57. Rg5 Kf8 58. hxg6 Nxe4
59. Rf5 Nd6 60. Rf6 Rf2 61. Kb6 Nc4+ 62. Kc5 Ne5 63. Nxe5 Rxf6 64. Nd7+ Kg7 65.
Nxf6 Kxf6 66. gxf7 Kxf7 67. Kd5 Kf6 68. Ke4 Kg5 69. Kf3 Kg6 70. Kf4 Kf6 71. g5+
Kg6 72. Kg4 Kg7 73. Kf5 Kf7 74. g6+ Kg7 75. Kg5 Kg8 76. Kf6 Kf8 77. g7+ Kg8 78.
Kg6 1/2-1/2

[Event "V Open I Like Elo"]
[Site "Roma ITA"]
[Date "2009.10.07"]
[Round "3"]
[White "Mammana, Angelo"]
[Black "Musmarra, Giovanni"]
[Result "1-0"]
[WhiteElo "1440"]
[BlackElo "1738"]
[PlyCount "55"]
[EventDate "2009.09.16"]

1. Nf3 d5 2. d3 c5 3. Nbd2 Nc6 4. e4 e5 5. c3 Nf6 6. Qc2 Be7 7. Be2 Bg4 8. O-O
O-O 9. Re1 b5 10. b3 a5 11. Bb2 Rc8 12. Rad1 d4 13. a4 dxc3 14. Qxc3 Nd4 15.
axb5 Nxb5 16. Qxe5 Bd6 17. Qg5 Be7 18. e5 Bxf3 19. exf6 Bxf6 20. Bxf6 Qxf6 21.
Qxf6 gxf6 22. Nxf3 Rfe8 23. Nd2 Nc3 24. Ne4 Nxe4 25. dxe4 Rxe4 26. Bc4 Rce8 27.
Rxe4 Rxe4 28. f3 1-0

[Event "V Open I Like Elo"]
[Site "Roma ITA"]
[Date "2009.10.07"]
[Round "3"]
[White "Mazza, Maurizio"]
[Black "Giraldi, Alberto"]
[Result "1-0"]
[WhiteElo "1677"]
[BlackElo "1512"]
[PlyCount "63"]
[EventDate "2009.09.16"]

1. e4 c5 2. c3 d5 3. exd5 Qxd5 4. d4 cxd4 5. cxd4 Nc6 6. Nf3 e6 7. Nc3 Bb4 8.
Bd3 Nf6 9. O-O Qd8 10. Re1 O-O 11. Be3 Bd7 12. a3 Be7 13. Ne5 Bd6 14. Nxd7 Qxd7
15. Bc2 Rac8 16. Qd3 a6 17. Bg5 Rfe8 18. Bxf6 gxf6 19. Qxh7+ Kf8 20. Ne4 Ke7
21. Qh6 Rf8 22. Qxf6+ Ke8 23. Nxd6+ Qxd6 24. Rad1 Ne7 25. Bb3 Kd7 26. g3 Ng8
27. Qf3 Rc7 28. Rc1 Rxc1 29. Rxc1 Qb6 30. Ba4+ Ke7 31. Qf4 Rd8 32. Rc7+ 1-0

[Event "V Open I Like Elo"]
[Site "Roma ITA"]
[Date "2009.10.07"]
[Round "3"]
[White "Palama', Pierpaolo"]
[Black "Sternini, Cristiano"]
[Result "0-1"]
[WhiteElo "1509"]
[BlackElo "1745"]
[PlyCount "72"]
[EventDate "2009.09.16"]

1. e4 e6 2. Nf3 d5 3. e5 c5 4. d4 Nc6 5. c3 cxd4 6. cxd4 Qb6 7. b3 Bb4+ 8. Ke2
Bd7 9. a3 Bf8 10. Nc3 Na5 11. Rb1 Rc8 12. b4 Nc4 13. Qb3 Ne7 14. Be3 Qa6 15.
Ke1 Qxa3 16. Bxc4 Qxb3 17. Rxb3 Rxc4 18. Ke2 Nc6 19. Nb5 Bxb4 20. Ra1 O-O 21.
Nxa7 Ra8 22. Nxc6 Rxa1 23. Nxb4 Ba4 24. Rb2 Bd1+ 25. Kd2 Bxf3 26. gxf3 Rh1 27.
Nd3 Rxh2 28. Rxb7 h5 29. Rb8+ Kh7 30. Rf8 Rc7 31. Nf4 h4 32. Ke2 Ra7 33. Nd3
Rh1 34. f4 g6 35. Kf3 Rd1 36. Nc5 Rg1 0-1

[Event "V Open I Like Elo"]
[Site "Roma ITA"]
[Date "2009.10.07"]
[Round "3"]
[White "Pipitone, Filippo Massimo"]
[Black "Migliozzi, Giuseppe"]
[Result "0-1"]
[WhiteElo "1465"]
[BlackElo "1762"]
[PlyCount "80"]
[EventDate "2009.09.16"]

1. e4 d5 2. exd5 Qxd5 3. Nc3 Qa5 4. d4 Nf6 5. Bc4 Bf5 6. Bd2 c6 7. Nd5 Qd8 8.
Nxf6+ gxf6 9. c3 e6 10. Ne2 Bd6 11. f4 Qc7 12. O-O Rg8 13. Ng3 Bg6 14. Nh5 Nd7
15. Qe2 O-O-O 16. Ng3 Nb6 17. Bb3 Kb8 18. Qf3 h6 19. Kh1 Rh8 20. Rad1 h5 21. h4
Nd5 22. c4 Nb4 23. c5 Bxc5 24. dxc5 Rd3 25. Qf2 Nd5 26. Bxd5 cxd5 27. Bc3 e5
28. Rxd3 Bxd3 29. Rd1 exf4 30. Rxd3 fxg3 31. Rxg3 Re8 32. Rf3 Re4 33. Bxf6 Rc4
34. Bd4 Rc1+ 35. Qg1 Rxg1+ 36. Kxg1 Qe7 37. Re3 Qxh4 38. Re8+ Kc7 39. Be5+ Kd7
40. g3 Qe4 0-1

[Event "V Open I Like Elo"]
[Site "Roma ITA"]
[Date "2009.10.07"]
[Round "3"]
[White "Ruotolo, Claudio"]
[Black "Barbieri, Massimiliano"]
[Result "1/2-1/2"]
[WhiteElo "1806"]
[BlackElo "1612"]
[PlyCount "36"]
[EventDate "2009.09.16"]

1. c4 e5 2. Nc3 Nf6 3. g3 Bc5 4. Bg2 O-O 5. e3 d6 6. Nge2 Nc6 7. O-O Re8 8. d4
exd4 9. exd4 Bb6 10. Bg5 h6 11. Bf4 Bg4 12. Re1 Bxd4 13. Bxc6 Bxc3 14. Bxe8
Bxe1 15. Bxf7+ Kxf7 16. Qxe1 Qe7 17. Nd4 Qxe1+ 18. Rxe1 a6 1/2-1/2

[Event "V Open I Like Elo"]
[Site "Roma ITA"]
[Date "2009.10.07"]
[Round "3"]
[White "Sellitto, Pietro"]
[Black "Bernardi, Giancarlo"]
[Result "0-1"]
[WhiteElo "1524"]
[BlackElo "1594"]
[PlyCount "86"]
[EventDate "2009.09.16"]

1. d4 Nf6 2. c4 g6 3. Nf3 Bg7 4. e3 d6 5. Be2 O-O 6. O-O Nbd7 7. Nc3 e5 8. dxe5
dxe5 9. Nd5 c6 10. Nxf6+ Qxf6 11. Rb1 Nc5 12. b4 Bf5 13. Ra1 Rad8 14. Qe1 Nd3
15. Qc3 Qe7 16. a3 Be4 17. Qb3 Bxf3 18. gxf3 e4 19. Ra2 Qg5+ 20. Kh1 Qh4 21.
Bxd3 Rxd3 22. Qc2 Rfd8 23. f4 Qh3 24. Qe2 Qxf1+ 25. Qxf1 Rd1 26. Qxd1 Rxd1+ 27.
Kg2 Rxc1 28. f3 Rxc4 29. fxe4 Rxe4 30. Kf3 Rc4 31. Rd2 Kf8 32. Rd8+ Ke7 33. Rb8
b5 34. Rb7+ Ke6 35. Rxa7 Rc3 36. a4 bxa4 37. Rxa4 Bd4 38. Ra6 Rxe3+ 39. Kg2 Kd5
40. Ra5+ Ke4 41. Ra6 Kd5 42. Ra5+ Kc4 43. f5 Kxb4 0-1

[Event "V Open I Like Elo"]
[Site "Roma ITA"]
[Date "2009.10.07"]
[Round "3"]
[White "Sermoneta, Eugenio"]
[Black "Pala, Giorgio"]
[Result "0-1"]
[WhiteElo "1748"]
[BlackElo "1982"]
[PlyCount "124"]
[EventDate "2009.09.16"]

1. c4 e5 2. Nc3 f5 3. g3 Nf6 4. Bg2 Bb4 5. Nf3 Bxc3 6. bxc3 d6 7. d3 O-O 8. O-O
Nc6 9. Qc2 Bd7 10. Rb1 Rb8 11. Ba3 Qe8 12. e4 fxe4 13. dxe4 b6 14. Nd2 Qh5 15.
Qd1 Qg6 16. h3 Rbe8 17. Qe2 Be6 18. Rfe1 Qf7 19. Bb4 Nd7 20. Rf1 Qg6 21. Qe3
Qh5 22. g4 Qf7 23. Qe2 Ne7 24. f3 Ng6 25. Rf2 Nf4 26. Qf1 Qf6 27. Ba3 Nc5 28.
Bxc5 dxc5 29. a4 a5 30. Rd1 Qf7 31. h4 Rd8 32. Kh2 Rd3 33. Nb1 Rfd8 34. Rfd2
Bxc4 35. Rxd3 Bxd3 36. Qf2 Rd6 37. Nd2 Be2 38. Qe1 Bxd1 39. Qxd1 Qd7 40. Qb3+
Qe6 41. Qxe6+ Rxe6 42. Bf1 Kf8 43. Kg3 h6 44. g5 hxg5 45. hxg5 Ke8 46. Kg4 g6
47. Nc4 Ke7 48. Kg3 Nh5+ 49. Kh4 Kd8 50. Bh3 Re7 51. Bg4 Nf4 52. Ne3 Rh7+ 53.
Kg3 Ne2+ 54. Kg2 Nxc3 55. Be6 c6 56. Kg3 b5 57. axb5 cxb5 58. Ng4 Re7 59. Bb3
c4 60. Bc2 b4 61. Ne3 Rc7 62. f4 Ne2+ 0-1

[Event "V Open I Like Elo"]
[Site "Roma ITA"]
[Date "2009.10.07"]
[Round "3"]
[White "Testa, Adriano"]
[Black "Roberti, Bruno"]
[Result "1/2-1/2"]
[WhiteElo "2160"]
[BlackElo "1947"]
[PlyCount "86"]
[EventDate "2009.09.16"]

1. e4 e5 2. Nf3 Nc6 3. Bc4 Bc5 4. c3 Nf6 5. d3 a6 6. h3 h6 7. Nbd2 O-O 8. Bb3
Ba7 9. Nf1 d5 10. Qe2 Re8 11. g4 dxe4 12. dxe4 Be6 13. Ng3 Qd7 14. Bxe6 Rxe6
15. g5 hxg5 16. Nxg5 Rd6 17. Nf5 Rd3 18. Be3 Rd8 19. Rg1 Bxe3 20. fxe3 Rd2 21.
Qf3 Rxb2 22. Rg2 Rxg2 23. Qxg2 Qd3 24. Rc1 Nh5 25. Qe2 Qxe2+ 26. Kxe2 Rd7 27.
Rf1 Nd8 28. Rg1 f6 29. Nf3 Kf7 30. N3h4 Ne6 31. Nf3 Nc5 32. Nd2 Ke6 33. h4 b6
34. Rg4 Kf7 35. Rg2 g6 36. Nh6+ Kg7 37. Ng4 Kf7 38. Nh6+ Kg7 39. Ng4 Kf7 40.
Nc4 Kg7 41. Nd2 Kf7 42. Nf3 Kg7 43. Nd2 Kf7 1/2-1/2

[Event "V Open I Like Elo"]
[Site "Roma ITA"]
[Date "2009.10.07"]
[Round "3"]
[White "Tognotti, Andrea"]
[Black "Tirri, Valerio"]
[Result "0-1"]
[WhiteElo "1616"]
[BlackElo "1694"]
[PlyCount "50"]
[EventDate "2009.09.16"]

1. c4 Nf6 2. Nf3 e6 3. g3 c5 4. Bg2 Nc6 5. O-O Be7 6. d4 d5 7. Bg5 O-O 8. dxc5
Bxc5 9. Nbd2 h6 10. Bxf6 Qxf6 11. cxd5 exd5 12. Nb3 Bb6 13. Qc2 Bf5 14. Qd2
Rad8 15. Rac1 Rfe8 16. Nh4 Be4 17. Nf3 d4 18. Ne1 Bxg2 19. Kxg2 Qe5 20. Rc2
Qe4+ 21. f3 Qd5 22. Nd3 Ne7 23. Qb4 Nf5 24. Nf4 Ne3+ 25. Kh3 Qd7+ 0-1

[Event "V Open I Like Elo"]
[Site "Roma ITA"]
[Date "2009.10.07"]
[Round "3"]
[White "Vannelli, Vittorio"]
[Black "Di Mauro, Giuseppe"]
[Result "1-0"]
[WhiteElo "1850"]
[BlackElo "1953"]
[PlyCount "53"]
[EventDate "2009.09.16"]

1. e4 e6 2. Nc3 d5 3. f4 d4 4. Nce2 c5 5. Ng3 Nc6 6. Bb5 Bd7 7. Nf3 a6 8. Bxc6
Bxc6 9. O-O Nf6 10. d3 h5 11. f5 Qc7 12. fxe6 fxe6 13. Ng5 Bd7 14. c3 Bd6 15.
Qb3 Ke7 16. cxd4 Bxg3 17. hxg3 cxd4 18. Bf4 Qc6 19. Rac1 Qb5 20. Qa3+ Ke8 21.
Qd6 Rc8 22. Nxe6 Kf7 23. Ng5+ Ke8 24. Rxc8+ Bxc8 25. Rc1 Bd7 26. Qb8+ Ke7 27.
Bd6# 1-0

[Event "V Open I Like Elo"]
[Site "Roma ITA"]
[Date "2009.10.07"]
[Round "3"]
[White "Vanzan, Alessandro"]
[Black "Di Giorgio, Daniele"]
[Result "0-1"]
[WhiteElo "1775"]
[BlackElo "1678"]
[PlyCount "98"]
[EventDate "2009.09.16"]

1. c4 c5 2. Nf3 Nf6 3. Nc3 Nc6 4. g3 g6 5. Bg2 Bg7 6. O-O O-O 7. d3 d6 8. Rb1
a6 9. Bd2 Rb8 10. Qc1 Re8 11. a3 Bd7 12. b4 cxb4 13. axb4 b5 14. cxb5 axb5 15.
Bh6 Bh8 16. h3 Qc8 17. Kh2 d5 18. Qd2 d4 19. Ne4 Nxe4 20. dxe4 e5 21. Rfc1 Qb7
22. Ng5 Bg7 23. Bxg7 Kxg7 24. Qa2 Re7 25. Rc5 f6 26. Nf3 Be6 27. Qd2 Rc7 28.
Rbc1 Ra8 29. R1c2 Ra4 30. e3 dxe3 31. fxe3 Rd7 32. Qc1 Nxb4 33. Rc7 Qb6 34.
Rxd7+ Bxd7 35. Rc7 Ra7 36. Rxa7 Qxa7 37. Qd2 Nc6 38. g4 h6 39. Qf2 b4 40. Nh4
b3 41. Nf5+ Bxf5 42. exf5 Qa2 43. Qf3 b2 44. Qxc6 b1=Q 45. Qd7+ Qf7 46. Qa4
gxf5 47. gxf5 Qxf5 48. e4 Qf4+ 49. Kh1 Qc7 0-1

[Event "V Open I Like Elo"]
[Site "Roma ITA"]
[Date "2009.10.07"]
[Round "3"]
[White "Zacchia, Marco"]
[Black "Simeone, Giulio"]
[Result "0-1"]
[WhiteElo "1433"]
[BlackElo "1979"]
[PlyCount "39"]
[EventDate "2009.09.16"]

1. d4 g6 2. Nf3 d5 3. g3 Bg7 4. Bg2 c5 5. e3 Bg4 6. c3 Nf6 7. Qb3 Qc7 8. Nbd2
O-O 9. O-O Nc6 10. Re1 Bh6 11. e4 Bxd2 12. Nxd2 dxe4 13. dxc5 Ne5 14. Nxe4 Nd3
15. Nxf6+ exf6 16. Bh6 Nxe1 17. Bxf8 Nxg2 18. Bd6 Qc6 19. Qc4 Bh3 20. b4 0-1